| 000 | 00938pam a2200265 a 4500 | ||
|---|---|---|---|
| 001 | 2924560 | ||
| 003 | OSt | ||
| 005 | 20211208151501.0 | ||
| 008 | 890302s1990 flua b 001 0 eng | ||
| 010 | _a 89000927 | ||
| 020 | _a0849368529 | ||
| 040 |
_aDLC _cHU _dDLC |
||
| 050 | 0 | 0 |
_aQK753.H4 _bH4 1990 |
| 082 | 0 | 0 |
_a581.19/214 _219 |
| 245 | 0 | 0 |
_aHeavy metal tolerance in plants : _bevolutionary aspects / _ceditor, A. Jonathan Shaw. |
| 260 |
_aBoca Raton, Fla. : _bCRC Press, _cc1990. |
||
| 300 |
_a355 p. : _bill. ; _c26 cm. |
||
| 504 | _aIncludes bibliographical references and index. | ||
| 650 | 0 |
_aHeavy-metal tolerant plants _xEvolution. _922205 |
|
| 650 | 0 |
_aPlants _xEffect of heavy metals on. _922206 |
|
| 700 | 1 |
_aShaw, Arthur Jonathan. _922207 |
|
| 856 | 4 | 2 |
_3Publisher description _uhttp://www.loc.gov/catdir/enhancements/fy0744/89000927-d.html |
| 906 |
_a7 _bcbc _corignew _d1 _eocip _f19 _gy-gencatlg |
||
| 942 |
_2ddc _cBOOKS _n0 |
||
| 999 |
_c21901 _d21901 |
||